Werder Bremen Kader - 2004/2005 - Statistiken

Allgemein
  • Dieses Quiz wurde 45 mal gespielt
  • Das Durchschnittsergebnis liegt bei 15 aus 29
Antwortstatistiken
Position Spieler % Korrekt
MIT Johan Micoud
91%
MIT Frank Baumann
85%
ANG Ivan Klasnic
85%
ANG Miroslav Klose
82%
TW Andreas Reinke
79%
MIT Tim Borowski
79%
VER Valérien Ismael
74%
ANG Nelson Valdez
68%
VER Ludovic Magnin
65%
VER Christian Schulz
62%
MIT Fabian Ernst
62%
VER Frank Fahrenhorst
59%
TW Pascal Borel
59%
VER Paul Stalteri
59%
ANG Angelos Charisteas
53%
VER Petri Pasanen
53%
MIT Ümit Davala
53%
MIT Krisztian Lisztes
47%
MIT Daniel Jensen
44%
MIT Pekka Lagerblom
38%
MIT Aaron Hunt
35%
TW Alexander Walke
24%
ANG Marco Stier
24%
VER Francis Banecki
21%
ANG Mohamed Zidan
18%
MIT Stefan Beckert
15%
VER Gustavo Nery
9%
VER Florian Mohr
6%
VER Robert Paul
6%
Keine übereinstimmenden Quizze gefunden
Verteilung der Resultate
Anzahl Personen mit jedem Resultat
Perzentil nach korrekt beantworteten Fragen
Ihre Resultats-Entwicklung
Sie haben dieses Quiz noch nicht gespielt